00631nam a22001937a 4500003000900000008004100009040007100050082001700121110003300138245002700171260003000198300005000228440003700278505006300315650001400378650001100392650001700403650001700420AR-CdUCM190522b ||||| |||| 00| 0 spa d aMUNICIPALIDAD PROVINCIAL DEL CUSCOcBIBLIOTECA MUNICIPAL DEL CUSCO a523.1 /bB58 aBiblioteca fundamental Ariel aEstrellas y planetas / aBogotá :bAriel,c1976. a62 páginas ;bImágenes, gráficosc23 cm aBiblioteca fundamental Arieln11 aContenido : La rotación de la tierra -- Las estrellas... aEstrellas aEl sol aAstronomía aAstrología